| 000 -LEADER | |
|---|---|
| fixed length control field | 00407nam a22001697a 4500 |
| 005 - DATE AND TIME OF LATEST TRANSACTION | |
| control field | 20160916113911.0 |
| 008 - FIXED-LENGTH DATA ELEMENTS--GENERAL INFORMATION | |
| fixed length control field | 160916b xxu||||| |||| 00| 0 eng d |
| 020 ## - INTERNATIONAL STANDARD BOOK NUMBER | |
| ISBN | 81-85240-08-6 |
| 041 ## - LANGUAGE CODE | |
| Language code of text/sound track or separate title | eng |
| 100 ## - MAIN ENTRY--AUTHOR NAME | |
| Personal name | JAI KRISHNA AND O.P JAIN |
| 245 ## - TITLE STATEMENT | |
| Title | PLAIN AND RAINFORCED CONCRETE |
| 260 ## - PUBLICATION, DISTRIBUTION, ETC. (IMPRINT) | |
| Name of publisher | NEMCHAND |
| Year of publication | 1988 |
| 300 ## - PHYSICAL DESCRIPTION | |
| Number of Pages | 694 |
| 490 ## - SERIES STATEMENT | |
| Series statement | VOLUME 1 |
| 650 ## - SUBJECT ADDED ENTRY--TOPICAL TERM | |
| Topical Term | ENGINEERING |
| 942 ## - ADDED ENTRY ELEMENTS (KOHA) | |
| Koha item type | Books |
| Lost status | Damaged status | Collection code | Home library | Current library | Shelving location | Date acquired | Source of acquisition | Cost, normal purchase price | Accession Number | Koha item type |
|---|---|---|---|---|---|---|---|---|---|---|
| Reference | JRU Library | SHELF -72 - J | 16/09/2016 | PURCHASE | 200.00 | 21278 | Books | |||
| JRU Library | SHELF-42-G | 16/09/2016 | PURCHASE | 200.00 | 21279 | Books | ||||
| JRU Library | SHELF-42-G | 16/09/2016 | PURCHASE | 200.00 | 21280 | Books | ||||
| JRU Library | SHELF-42-G | 16/09/2016 | PURCHASE | 200.00 | 21281 | Books |